UKUZAJI WA MITI NA BUSTANI KWA USTAWISHAJI MAISHA (Record no. 201483)
[ view plain ]
| 000 -LEADER | |
|---|---|
| fixed length control field | 00260nam a2200097Ia 4500 |
| 050 ## - LIBRARY OF CONGRESS CALL NUMBER | |
| Classification number | S494.5 .U398 2007 |
| 100 ## - MAIN ENTRY--PERSONAL NAME | |
| Personal name | MOIR KATHERINE |
| 245 #0 - TITLE STATEMENT | |
| Title | UKUZAJI WA MITI NA BUSTANI KWA USTAWISHAJI MAISHA |
| 942 ## - ADDED ENTRY ELEMENTS (KOHA) | |
| Koha item type | Long Loan Book |
| Withdrawn status | Lost status | Source of classification or shelving scheme | Damaged status | Not for loan | Collection | Home library | Current library | Shelving location | Date acquired | Inventory number | Total checkouts | Full call number | Barcode | Date last seen | Copy number | Price effective from | Koha item type |
|---|---|---|---|---|---|---|---|---|---|---|---|---|---|---|---|---|---|
| Library of Congress Classification | Science & Technology | Kisii University Library | Kisii University Library | On Display | 09/15/2023 | 27154 | S 494.5 .V398 2007 | 035878 | 09/15/2023 | c.3 | 09/15/2023 | Long Loan Book | |||||
| Library of Congress Classification | Science & Technology | Kisii University Library | Kisii University Library | On Display | 09/15/2023 | 27156 | S 494.5 .V398 2007 | 035881 | 09/15/2023 | C.5 | 09/15/2023 | Long Loan Book |